Visual C++ in easy Steps (Record no. 21893)

000 -LEADER
fixed length control field 00231 a2200097 4500
003 - CONTROL NUMBER IDENTIFIER
control field NUST
005 - DATE AND TIME OF LATEST TRANSACTION
control field 20180213071524.0
008 - FIXED-LENGTH DATA ELEMENTS--GENERAL INFORMATION
fixed length control field 180213b ||||| |||| 00| 0 eng d
020 ## - INTERNATIONAL STANDARD BOOK NUMBER
International Standard Book Number 8177220144
040 ## - CATALOGING SOURCE
Transcribing agency 0
082 ## - DEWEY DECIMAL CLASSIFICATION NUMBER
Classification number 004 KEL
100 ## - MAIN ENTRY--PERSONAL NAME
Personal name Kelly, Alan
9 (RLIN) 9999
245 ## - TITLE STATEMENT
Title Visual C++ in easy Steps
Statement of responsibility, etc. Alan Kelly
260 ## - PUBLICATION, DISTRIBUTION, ETC.
Place of publication, distribution, etc. New Delhi
Name of publisher, distributor, etc. Dreamtech Press
Date of publication, distribution, etc. 2000
300 ## - PHYSICAL DESCRIPTION
Extent 192p.
500 ## - GENERAL NOTE
General note P.B
942 ## - ADDED ENTRY ELEMENTS (KOHA)
Koha item type Book
Call number prefix IESE
Source of classification or shelving scheme
Holdings
Withdrawn status Lost status Source of classification or shelving scheme Damaged status Not for loan Collection code Permanent Location Current Location Shelving location Date acquired Total Checkouts Full call number Barcode Date last seen Date last checked out Price effective from Koha item type
            Institute of Environmental Science and Engineering (IESE) Institute of Environmental Science and Engineering (IESE) General Stacks 02/13/2018 1 004 KEL IESE-614 10/19/2018 09/19/2018 02/13/2018 Book
© 2023 Central Library, National University of Sciences and Technology. All Rights Reserved.